01540nam a2200301Ia 4500001001200000003000800012006001900020007001500039008004100054020001800095020001500113040002100128035002100149050002400170110009000194245031700284260005800601300002300659500009000682504004100772533015200813650003700965650003301002655002901035700003101064710001701095856012601112ebr10176197CaPaEBRm u cr cn|||||||||070420s2007 dcua sb 100 0 eng d z9780309102766 z0309102766 aCaPaEBRcCaPaEBR a(OCoLC)12390280914aRM301b.I577 2007eb2 aInstitute of Medicine (U.S.).bForum on Drug Discovery, Development, and Translation.10aAdverse drug event reportingh[electronic resource] :bthe roles of consumers and health-care professionals : workshop summary /cJeffrey M. Drazen ... [et al], rapporteurs ; Forum on Drug Discovery, Development, and Translation, Board on Health Sciences Policy ; Institute of Medicine of the National Academies. aWashington, D.C. :bNational Academies Press,cc2007. axii, 70 p. :bill. aSummary of a workshop which took place on November 3 and 4, 2005, in Washington, D.C. aIncludes bibliographical references. aElectronic reproduction.bPalo Alto, Calif. :cebrary,d2009.nAvailable via World Wide Web.nAccess may be limited to ebrary affiliated libraries. 0aDrugsxSide effectsvCongresses. 0aDrug monitoringvCongresses. 7aElectronic books.2local1 aDrazen, Jeffrey M.,d1946-2 aebrary, Inc.40uhttp://site.ebrary.com/lib/rucke/Doc?id=10176197zAn electronic book accessible through the World Wide Web; click to view